000 00314nam a22001457a 4500
008 231025b ||||| |||| 00| 0 eng d
020 _a0716721570
041 _aeng
080 _a521
082 _a521RIO
100 _a19
101 _aASTRO
245 _aTHE SHADOWS OF CREATION
_cRIORDAN.M
942 _2udc
_cBK
999 _c60459
_d60459